| 000 | 01064cam a22002894a 4500 | ||
|---|---|---|---|
| 999 |
_c1296 _d1296 |
||
| 001 | 142743 | ||
| 003 | GZU | ||
| 005 | 20201005131328.0 | ||
| 008 | 980629s2000 nju 000 0 eng | ||
| 010 | _a 00132719 | ||
| 020 | _a087891191X (pbk.) | ||
| 040 |
_aDLC _cDLC _dDLC |
||
| 042 | _apcc | ||
| 050 | 0 | 0 |
_aHB172 _b.M6249 2000 |
| 082 | 0 | 0 |
_a338.5 _221 |
| 245 | 0 | 0 |
_aMicroeconomics / _cby the staff of Research & Education Association ; M. Fogiel, director. |
| 260 |
_aPiscataway, N.J. : _bResearch & Education Association, _cc2000. |
||
| 300 |
_aix, 203 p. : _bill. ; _c22 cm. |
||
| 440 | 0 | _aSuper review | |
| 650 | 0 | _aMicroeconomics. | |
| 700 | 1 |
_aFogiel, M. _q(Max) |
|
| 710 | 2 | _aResearch and Education Association. | |
| 856 | 4 | 2 |
_3Publisher description _uhttp://www.loc.gov/catdir/enhancements/fy0608/00132719-d.html |
| 906 |
_a7 _bcbc _corignew _d3 _eopcn _f19 _gy-gencatlg |
||
| 942 |
_2lcc _cBK _e171 _hMCI _iHB |
||